000 00427nam a22001337a 4500
040 _cNUST
082 _a220 PRO
100 _aMaira Khan Yumna Aftab
_986228
110 _aProject Supervisor Dr. Shoab Ahmad Khan
_986229
245 _aPR-SOF-2075-Cardiac Decision Support System For Near Real-Time Arrhythmia Detection
260 _aISLAMABAD:
_bNUST COLLEGE OF EME,
_c2021.
650 _aDE-ELECT-39
_986230
942 _2ddc
_cPR
999 _c587258
_d587258